000 00344nam a2200169Ia 4500
003 IT-RoPAU
008 120407s9999 xx 000 0 und d
040 _aIT-RoPAU
040 _cIT-RoPAU
041 _aita
100 _aDenis Wallon
245 _aIl bambino da 0 a 3 anni
300 _c cm
490 _v1
942 _cBK
999 _c19117
_d19117